000 00402nam a2200169Ia 4500
003 GCL
008 140319s9999 xx 000 0 eng d
040 _aGCL /
_cGCL
082 0 4 _a960
_bF A
100 1 _aFAGE, J.D
245 1 0 _aA HISTORY OF AFRICA /
_cFAGE, J.D
260 _a[S.N] :
_bROUTLEDGE ،
_c1995
300 _a595 P
650 0 4 _aHISTORY
650 0 4 _aAFRICA - HISTORY
942 _2ddc
_cBK
999 _c13686
_d13686